Best Picture Winners By Year Quiz Stats

 Plays Quiz not verified by Sporcle

Challenge
Share
Tweet
Embed
Score 0/52 Timer 15:00
0 Plays Today
Tagline & Year Movie % Correct
1994: Life is like a box of chocolates...you never know what you're gonna get.Forrest Gump
84.7%
1991: To enter the mind of a killer she must challenge the mind of a madman.The Silence of the Lambs
81.4%
1972: An offer you can't refuse.The Godfather
81.4%
2002: With the right song and dance, you can get away with murder.Chicago
78%
2011: N/AThe Artist
78%
1997: Nothing on Earth could come between them.Titanic
78%
1995: What kind of man would defy a king?Braveheart
76.3%
2000: What we do in life echoes in eternity.Gladiator
74.6%
2003: The eye of the enemy is moving.The Lord of the Rings: The Return of the King
74.6%
1998: A comedy about the greatest love story almost never told.Shakespeare In Love
74.6%
1993: Whoever saves one life, saves the world entire.Schindler's List
74.6%
1986: The first casualty of war is innocence.Platoon
74.6%
1969: Whatever you hear about Midnight Cowboy is true.Midnight Cowboy
74.6%
1987: He was the Lord of Ten Thousand Years, the absolute monarch of China. He was born to rule a world of ancient tradition. Nothing prepared him for our world of change.The Last Emperor
72.9%
1965: ...the more you see it, the more it becomes one of your favorite things!The Sound of Music
72.9%
2001: The only thing greater than the power of the mind is the courage of the heart.A Beautiful Mind
71.2%
2006: Lies. Betrayal. Sacrifice. How far will you take it?The Departed
71.2%
1990: Inside everyone is a frontier waiting to be discovered.Dances With Wolves
71.2%
1983: Come to Laugh, Come to Cry, Come to Care, Come to Terms.Terms of Endearment
71.2%
1981: This is the story of two men who run...not to run...but to prove something to the world. They will sacrifice anything to achieve their goals...Except their honor.Chariots of Fire
71.2%
1975: If he's crazy, what does that make you?One Flew Over the Cuckoo's Nest
71.2%
2010: It takes leadership to confront a nation's fear. It takes friendship to conquer your own.The King's Speech
69.5%
1974: N/AThe Godfather Part II
69.5%
2005: It's not like things are black and white. Crash
67.8%
2007: There are no clean getawaysNo Country for Old Men
67.8%
2009: You'll know when you're in it.The Hurt Locker
67.8%
Tagline & Year Movie % Correct
1976: He's a has-been battler with one dream left...and one last chance.Rocky
67.8%
1999: Look closer.American Beauty
66.1%
1989: The funny, touching and totally irresistible story of a working relationship that became a 25-year friendship.Driving Miss Daisy
66.1%
1984: The man... The music... The madness... The murder... The motion picture...Amadeus
66.1%
1982: The Man of the Century. The Motion Picture of a Lifetime.Gandhi
66.1%
1979: N/AKramer vs. Kramer
66.1%
1977: A nervous romance.Annie Hall
64.4%
1988: N/ARain Man
62.7%
1971: A $32,000,000 chase turns into the American thriller of the year!The French Connection
62.7%
1970: N/APatton
62.7%
2004: Beyond his silence, there is a past. Beyond her dreams, there is a feeling. Beyond hope there is a memory. Beyond their journey, there is a love. Million Dollar Baby
61%
1964: The most loverly motion picture event of all!My Fair Lady
61%
2008: Love and money...you have mixed them both.Slumdog Millionaire
59.3%
1996: In love, there are no boundaries.The English Patient
57.6%
1978: One of the most important and powerful films of all time!The Deer Hunter
57.6%
1973: ...all it takes is a little confidence.The Sting
57.6%
1968: Much Much More Than a Musical!Oliver!
55.9%
1980: Everything is in its proper place... Except the past.Ordinary People
54.2%
1985: Based on a true story.Out of Africa
52.5%
1962: A Mighty Motion Picture Of Action And Adventure!Lawrence of Arabia
52.5%
1992: N/AUnforgiven
50.8%
1961: The Screen Achieves One of the Great Entertainments in the History of Motion PicturesWest Side Story
47.5%
1960: Movie-wise, there has never been anything like it - laugh-wise, love-wise, or otherwise-wise!The Apartment
47.5%
1966: ...a motion picture for all times!A Man for All Seasons
40.7%
1967: They got a murder on their hands . . . they don't know what to do with it.In the Heat of the Night
37.3%
1963: A legend even in his own time.Tom Jones
35.6%

You're not logged in!

Compare scores with friends on all Sporcle quizzes.
OR
Log In

You Might Also Like...

Show Comments

Extras

Top Quizzes Today


Score Distribution

Your Account Isn't Verified!

In order to create a playlist on Sporcle, you need to verify the email address you used during registration. Go to your Sporcle Settings to finish the process.

Report this User

Report this user for behavior that violates our Community Guidelines.

Details: